[Event "VI Sunway Sitges Open 2019"]
[Site "Sitges"]
[Date "2019.12.20"]
[Round "9.4"]
[White "Shevchenko, Kirill"]
[Black "Tabatabaei, M.amin"]
[Result "1/2-1/2"]
[WhiteElo "2547"]
[BlackElo "2635"]
[Annotator "TA"]
[PlyCount "99"]
[EventDate "2019.12.13"]
[EventType "swiss"]
[EventCountry "ESP"]
[SourceTitle "playchess.com"]
[Source "ChessBase"]
[SourceQuality "1"]

{[%evp 15,99,34,46,14,11,-3,0,0,0,0,8,-8,0,0,0,0,0,0,-5,-3,0,0,0,0,0,0,0,0,0,0,0,-5,-5,-6,0,0,-7,-8,-10,-18,-8,-8,-7,-12,-6,-15,-9,-6,-6,-6,0,0,0,0,0,0,0,0,0,0,0,0,0,0,0,0,0,0,0,0,0,0,0,0,0,0,0,0,0,0,0,0,0,0,0,0]} 1. e4 e5 2. Nf3 Nc6 3. Bb5 a6 4. Ba4 d6 5. c3 Bd7 6. O-O g6 7. d4 Bg7 8. Re1 Nf6 9. dxe5 {C79: Ruy Lopez: Steinitz-type lines with 3...a6 4 Ba4 Nf6 5 0-0 d6} (9. h3 {seems wilder.} O-O 10. Bc2 Re8 11. Nbd2 b5 12. Nf1) (9. h3 O-O 10. Bc2 h6 11. Nbd2 Re8 12. Nf1 Nh5 13. Be3 Qf6 14. N1h2 Nf4 15. dxe5 Nxe5 16. Nxe5 Rxe5 {½-½ (55) Jones,G (2688)-Flores,D (2602) Khanty-Mansiysk 2019}) 9... Nxe5 {The position is equal.} 10. Bxd7+ Qxd7 11. Nxe5 dxe5 12. Qxd7+ (12. f3 {looks sharper.} O-O-O 13. Qb3 Nh5 14. Bg5 Bf6 15. Bxf6 Nxf6 16. Na3) 12... Kxd7 13. Nd2 {[#]} Bh6 $146 ({Predecessor:} 13... Ne8 14. c4 a5 15. b3 f6 16. Bb2 Bf8 {0-1 (53) Beerdsen,T (2396)-Van Foreest,J (2578) Utrecht 2016}) 14. Nc4 Bxc1 15. Raxc1 Ke6 16. Rcd1 a5 17. f3 a4 18. Rd2 Rhd8 19. Red1 Rxd2 20. Rxd2 $11 {[%mdl 4096] Endgame KRN-KRN} Nd7 21. Ne3 Nc5 22. Nd5 Rc8 23. Nb4 c6 24. Nd3 b6 25. Kf2 Nb7 26. c4 c5 27. Ke3 Na5 28. b3 Ra8 29. Rb2 Rd8 30. Kd2 Rd4 31. Kc3 a3 32. Rb1 Nc6 33. b4 cxb4+ 34. Nxb4 Na5 35. Nc2 Rxc4+ 36. Kd3 Rc6 37. Nxa3 f5 38. Rb4 Rd6+ 39. Kc3 f4 40. Nc4 (40. Nb5 {with more complications.} Rd1 41. Nc7+ Kd6 42. Nd5 Kc5 43. Rxb6 Nc4 44. Rb7) 40... Nxc4 41. Rxc4 {KR-KR} Kd7 42. Ra4 Rc6+ 43. Kd3 Rd6+ 44. Kc3 Rc6+ 45. Kd3 Rc5 46. Ra7+ Rc7 47. Rxc7+ Kxc7 48. Kc4 {[#] Kd5 is the strong threat.} Kc6 49. a4 g5 50. Kb4 {Accuracy: White = 68%, Black = 71%.} 1/2-1/2

[Event "VI Sunway Sitges Open 2019"]
[Site "Sitges"]
[Date "2019.12.20"]
[Round "9.5"]
[White "Puranik, Abhimanyu"]
[Black "Narayanan.S.L"]
[Result "1-0"]
[WhiteElo "2580"]
[BlackElo "2626"]
[Annotator "RC"]
[PlyCount "81"]
[EventDate "2019.12.13"]
[EventType "swiss"]
[EventCountry "ESP"]
[SourceTitle "playchess.com"]
[Source "ChessBase"]
[SourceQuality "1"]
[TimeControl "40/5400+30:1800+30"]

1. c4 {[%emt 0:00:00]} e5 {[%emt 0:00:00]} 2. g3 {[%emt 0:00:17]} Nf6 3. Bg2 {[%emt 0:00:00]} c6 {[%emt 0:00:00]} 4. d4 {[%emt 0:00:33]} e4 {[%emt 0:00:22]} 5. Nc3 {[%emt 0:00:27]} d5 {[%emt 0:01:36]} 6. Bg5 {[%emt 0:01:58]} Nbd7 {[%emt 0:04:46]} 7. Nh3 {[%emt 0:04:59]} h6 {[%emt 0:03:17]} 8. Bxf6 {[%emt 0:02:38]} Nxf6 {[%emt 0:01:18]} 9. cxd5 {[%emt 0:01:53]} cxd5 {[%emt 0:02:11]} 10. Qb3 {[%emt 0:02:39]} Bd6 11. O-O {[%emt 0:05:32]} Bc7 {[%emt 0:05:08]} 12. f3 {[%emt 0:00:00]} O-O {[%emt 0:03:30]} 13. fxe4 {[%emt 0:02:28]} dxe4 {[%emt 0:01:32]} 14. e3 {[%emt 0:26:56]} Be6 {[%emt 0:13:32]} 15. Qc2 {[%emt 0:00:00]} Bc4 {[%emt 0:17:28]} 16. Rfe1 {[%emt 0:00:00]} Ba5 {[%emt 0:06:55]} 17. Nf2 {[%emt 0:07:42]} Bd5 {[%emt 0:07:49]} 18. Nfxe4 {[%emt 0:00:00]} Bxe4 {[%emt 0:00:00]} 19. Bxe4 {[%emt 0:00:00]} Nxe4 {[%emt 0:00:00]} 20. Qxe4 {[%emt 0:00:00]} Bxc3 {[%emt 0:00:00]} 21. bxc3 {[%emt 0:00:00]} Qc7 {[%emt 0:00:00]} 22. Qd3 {[%emt 0:00:31]} Rac8 {[%emt 0:02:27]} 23. Rac1 {[%emt 0:04:53]} Qa5 {[%emt 0:01:53]} 24. Rc2 {[%emt 0:02:01]} b5 {[%emt 0:02:03]} 25. e4 {[%emt 0:04:54]} Rc4 {[%emt 0:04:36]} 26. e5 {[%emt 0:01:49]} Rfc8 {[%emt 0:18:22]} 27. Re3 {[%emt 0:20:49]} Qb6 {[%emt 0:00:00]} 28. a3 {[%emt 0:04:58]} a5 29. Rd2 {[%emt 0:06:46]} Rxc3 {[%emt 0:00:00]} 30. Qxc3 Rxc3 31. Rxc3 {[%emt 0:00:26]} b4 {[%emt 0:00:00]} 32. axb4 {[%emt 0:00:00]} axb4 {[%emt 0:00:38]} 33. Rb3 {[%emt 0:05:50]} Kh7 {[%emt 0:00:00]} 34. Kg2 {[%emt 0:00:00]} Qc6+ {[%emt 0:00:00]} 35. d5 {[%emt 0:00:53]} Qc4 {[%emt 0:00:00]} 36. d6 {[%emt 0:06:29]} Qe4+ {[%emt 0:00:00]} 37. Kf2 {[%emt 0:00:00]} Qf5+ {[%emt 0:00:00]} 38. Rf3 {[%emt 0:00:00]} Qd7 {[%emt 0:00:00]} 39. Kg2 {[%emt 0:00:00]} Kg6 {[%emt 0:00:00]} 40. h4 {[%emt 0:01:28]} h5 {[%emt 0:00:00]} 41. Kh2 {[%emt 0:00:00]} 1-0

[Event "VI Sunway Sitges Open 2019"]
[Site "Sitges"]
[Date "2019.12.20"]
[Round "9.6"]
[White "Heimann, Andreas"]
[Black "Santos Latasa, Jaime"]
[Result "1-0"]
[WhiteElo "2617"]
[BlackElo "2585"]
[Annotator "TA"]
[PlyCount "137"]
[EventDate "2019.12.13"]
[EventType "swiss"]
[EventCountry "ESP"]
[SourceTitle "playchess.com"]
[Source "ChessBase"]
[SourceQuality "1"]

{[%evp 18,137,16,-1,1,1,14,0,0,8,42,47,46,41,47,41,46,31,41,43,47,35,40,39,93,58,56,61,72,80,79,56,57,37,37,37,37,29,37,37,91,37,37,37,37,37,37,33,52,0,39,38,37,37,36,36,40,0,38,25,36,21,22,16,44,26,37,27,33,30,33,25,24,25,183,181,508,192,195,191,186,190,191,188,185,186,188,191,195,187,214,197,458,428,372,367,458,451,1380,1349,1142,1189,1196,1021,1222,1149,29951,6237,29972,29966,29979,29980,29978,29980,29981,29982,29982,29983,29983,29984,29983,29983]} 1. d4 Nf6 2. c4 e6 3. Nc3 Bb4 4. e3 c5 5. Bd3 Nc6 6. Nge2 O-O 7. O-O cxd4 8. exd4 d5 9. cxd5 Nxd5 10. Nxd5 exd5 {E48: Nimzo-Indian: Rubinstein: 5 Bd3 d5 including 6 Ne2, but excluding 6 a3} 11. Nf4 Bd6 12. Be3 Bxf4 {The position is equal.} 13. Bxf4 Nxd4 {[#]} 14. Bxh7+ $1 {[%mdl 576] Discovered Attack} Kxh7 15. Qxd4 Be6 16. Rfe1 Qd7 $146 ({Predecessor:} 16... Re8 17. Re3 Qb6 18. Qd3+ {1-0 (43) Kazhgaleyev,M (2594)-Adair,J (2479) chess.com INT 2017}) 17. Rad1 Rfe8 18. Re3 f6 19. h3 a6 20. Rg3 Bf7 ({Better is} 20... Rac8 $14) 21. Be3 {Black must now prevent Qh4+.} Re5 22. Qd3+ Kh8 23. Bd4 Re6 24. Rg4 Re4 25. Qg3 Be6 26. Rh4+ Rxh4 27. Qxh4+ Kg8 28. Rd3 {Hoping for Rg3.} Qf7 (28... Rf8 $1 $14) 29. Rg3 (29. Rf3 $16 {[%cal Rd4f6] And now Bxf6! would win.} Rf8 30. Bxf6) 29... Rf8 $1 $14 30. Qf4 Bd7 31. Kh2 Be6 32. Re3 Re8 33. Rg3 {Qxf6 is the strong threat.} Rf8 34. Qd6 Qd7 35. Qb6 Kh7 36. Qb4 Kg8 37. Qb6 Kh7 38. Re3 Re8 39. Rc3 Re7 40. Qb4 Rf7 41. Bb6 Bf5 42. Qh4+ Kg8 {Threatens to win with ...Qd6+.} 43. Qf4 Qe6 44. Bd4 Qe4 45. Qd2 Re7 $2 {[#]} (45... Qe6 $11 {and Black has nothing to worry.}) 46. Bxf6 $1 $18 {[%mdl 512]} Bxh3 $2 (46... Rf7) (46... gxf6 47. Re3) 47. Rg3 $2 ({Worse is} 47. Rxh3 gxf6 48. Qh6 Rg7 $11) ({Weaker is} 47. f3 Qe2 $18) (47. gxh3 Rf7 48. Bd4) 47... Rf7 48. Qg5 {[%cal Rf6g7]} Qf5 49. Bxg7 {Threatening mate with Qd8+.} ({And not} 49. Rxh3 Qxf6 50. Qxd5 Qf4+ 51. Kg1 Qc1+ 52. Kh2 Qf4+ 53. Rg3 Qh6+ 54. Kg1 Qc1+ 55. Kh2 Qh6+ 56. Kg1 Qc1+ 57. Kh2 Qh6+ $11) 49... Qxg5 50. Rxg5 {[%mdl 4096] Endgame KRB-KRB} Be6 51. Bd4+ Kf8 52. Kg3 Ke7 53. a3 Kd6 54. Rg6 Kd7 $2 (54... Ke7 {was necessary.} 55. f3 Bf5) 55. Rg7 Rxg7+ 56. Bxg7 {KB-KB} Kc6 57. Bd4 Kb5 (57... Bf5 $142 58. Kf4 Be4) 58. Kf4 Kc4 59. Ke5 Bd7 60. Bc3 b5 61. f4 a5 62. Bxa5 d4 63. f5 {White mates.} d3 64. g4 Kb3 65. Bc3 Kc2 66. g5 d2 {[#]} 67. Bxd2 $1 {[%mdl 512]} Kxd2 68. g6 Be8 69. Ke6 {Accuracy: White = 69%, Black = 43%.} 1-0

[Event "VI Sunway Sitges Open 2019"]
[Site "Sitges"]
[Date "2019.12.20"]
[Round "9.7"]
[White "Nihal Sarin"]
[Black "Wagner, Dennis"]
[Result "1/2-1/2"]
[WhiteElo "2612"]
[BlackElo "2578"]
[Annotator "TA"]
[PlyCount "72"]
[EventDate "2019.12.13"]
[EventType "swiss"]
[EventCountry "ESP"]
[SourceTitle "playchess.com"]
[Source "ChessBase"]
[SourceQuality "1"]

{[%evp 13,72,15,11,0,10,14,25,13,24,8,7,11,16,-9,9,4,19,23,20,-39,-39,-23,-11,-37,-45,-41,-46,-40,0,0,0,0,17,7,18,0,20,4,44,-8,41,33,39,33,83,89,96,0,24,0,0,0,0,0,13,-22,0,0,0,-26,-25]} 1. e4 e5 2. Nf3 Nc6 3. Bb5 a6 4. Ba4 Nf6 5. O-O Be7 6. d3 b5 7. Bb3 d6 8. Bd2 {C84: Closed Ruy Lopez: Unusual White 6th moves} (8. c3 Na5 9. Bc2 c5 10. d4 cxd4 11. cxd4 O-O 12. h3 Re8 13. d5 Bd7 14. Nc3 Qb8 15. Bd3 Rc8 16. Ne2 {0-1 (40) Carlsen,M (2882)-Ding,L (2805) Saint Louis 2019}) 8... O-O 9. h3 h6 10. Re1 {White has an edge.} Re8 11. a3 {[%cal Ba2a3,Ba3a4][%mdl 32]} Bf8 12. Nc3 Ne7 13. a4 $146 ({Predecessor:} 13. Nh4 Be6 14. Bxe6 fxe6 15. Qf3 Nc6 {1-0 (44) Salem,A (2672)-El Taher,F (2483) Sharjah 2019}) 13... Bd7 14. Qb1 {Qa2 is the strong threat.} Ng6 15. Qa2 Nh8 16. Nh4 ({Better is} 16. Nd1 $11) 16... b4 $15 17. Nd1 Nh5 18. Nf5 Nf4 19. Nde3 a5 20. Qb1 Ne6 21. Qd1 $36 {[%mdl 2048] Black is under pressure.} Nc5 22. Bd5 Rb8 23. Qf3 c6 24. Bc4 Be6 25. b3 Ng6 26. g3 (26. Rad1 $14) 26... Bxc4 27. dxc4 Ne7 28. Rad1 Ne6 {[#]} 29. Bc1 $1 Nxf5 30. Nxf5 (30. exf5 $16 Nd4 31. Qe4) 30... c5 31. Bb2 Nd4 32. Qd3 g6 33. Nh4 Qf6 34. Kg2 h5 35. Bxd4 cxd4 36. Nf3 Bh6 {Accuracy: White = 37%, Black = 46%.} 1/2-1/2

[Event "VI Sunway Sitges Open 2019"]
[Site "Sitges"]
[Date "2019.12.20"]
[Round "9.8"]
[White "Erigaisi Arjun"]
[Black "Karthikeyan, Murali"]
[Result "1/2-1/2"]
[WhiteElo "2544"]
[BlackElo "2611"]
[Annotator "RC"]
[PlyCount "191"]
[EventDate "2019.12.13"]
[EventType "swiss"]
[EventCountry "ESP"]
[SourceTitle "playchess.com"]
[Source "ChessBase"]
[SourceQuality "1"]
[TimeControl "40/5400+30:1800+30"]

1. d4 {[%emt 0:00:00]} Nf6 {[%emt 0:00:00]} 2. c4 {[%emt 0:00:21]} g6 {[%emt 0:00:03]} 3. Nc3 {[%emt 0:00:06]} Bg7 {[%emt 0:00:05]} 4. e4 {[%emt 0:00:06]} d6 {[%emt 0:00:04]} 5. Be2 {[%emt 0:00:05]} O-O {[%emt 0:00:06]} 6. Be3 {[%emt 0:00:04]} Na6 {[%emt 0:02:39]} 7. Nf3 {[%emt 0:01:07]} e5 {[%emt 0:01:16]} 8. O-O {[%emt 0:00:26]} Qe8 {[%emt 0:04:43]} 9. h3 {[%emt 0:11:09]} Nxe4 {[%emt 0:23:10]} 10. Nxe4 {[%emt 0:01:34]} exd4 {[%emt 0:00:03]} 11. Nxd6 {[%emt 0:02:33]} Qe6 {[%emt 0:01:50]} 12. Bf4 {[%emt 0:33:50]} cxd6 {[%emt 0:00:20]} 13. Re1 {[%emt 0:11:47]} d5 {[%emt 0:23:38]} 14. Rc1 {[%emt 0:03:49]} Nc5 {[%emt 0:12:51]} 15. cxd5 {[%emt 0:06:27]} Qxd5 {[%emt 0:00:06]} 16. Bc4 {[%emt 0:00:11]} Qd8 {[%emt 0:05:34]} 17. Bg5 {[%emt 0:01:03]} Bf6 {[%emt 0:06:06]} 18. Bxf6 {[%emt 0:01:17]} Qxf6 {[%emt 0:00:06]} 19. Qxd4 {[%emt 0:00:07]} Qxd4 {[%emt 0:01:58]} 20. Nxd4 {[%emt 0:00:06]} Rd8 {[%emt 0:01:38]} 21. b4 {[%emt 0:00:52]} Kf8 {[%emt 0:03:30]} 22. Rcd1 {[%emt 0:06:48]} Na4 {[%emt 0:01:14]} 23. Bb3 {[%emt 0:00:56]} Nc3 {[%emt 0:05:39]} 24. Rd3 {[%emt 0:02:49]} Bf5 {[%emt 0:00:30]} 25. Rxc3 {[%emt 0:01:20]} Rxd4 {[%emt 0:00:05]} 26. g4 {[%emt 0:05:49]} Bd7 {[%emt 0:00:07]} 27. Rc7 {[%emt 0:00:28]} b6 {[%emt 0:01:02]} 28. Rd1 {[%emt 0:00:43]} Rxd1+ {[%emt 0:01:50]} 29. Bxd1 {[%emt 0:00:06]} Be6 {[%emt 0:02:19]} 30. Bf3 {[%emt 0:00:07]} Rc8 {[%emt 0:01:22]} 31. Rxa7 {[%emt 0:00:07]} Rc3 {[%emt 0:00:05]} 32. Kg2 {[%emt 0:00:59]} h5 {[%emt 0:00:24]} 33. a4 {[%emt 0:01:19]} hxg4 {[%emt 0:00:29]} 34. hxg4 {[%emt 0:00:07]} Rc4 {[%emt 0:01:23]} 35. b5 {[%emt 0:00:22]} Rb4 {[%emt 0:00:24]} 36. Rb7 {[%emt 0:04:13]} Bxg4 {[%emt 0:00:31]} 37. Bd5 {[%emt 0:00:22]} Rxa4 {[%emt 0:00:47]} 38. Rxf7+ {[%emt 0:00:20]} Ke8 {[%emt 0:00:04]} 39. Rf6 {[%emt 0:00:06]} Rd4 {[%emt 0:00:49]} 40. Bb7 {[%emt 0:00:00]} Bd7 {[%emt 0:00:00]} 41. Rxb6 {[%emt 0:01:30]} Rb4 {[%emt 0:06:24]} 42. Ba6 {[%emt 0:00:40]} g5 {[%emt 0:01:57]} 43. Rb8+ {[%emt 0:03:40]} Ke7 {[%emt 0:00:34]} 44. b6 {[%emt 0:00:28]} Bc6+ {[%emt 0:00:37]} 45. Kg3 {[%emt 0:00:48]} Rb3+ {[%emt 0:02:33]} 46. Kh2 {[%emt 0:04:01]} Rb2 {[%emt 0:03:27]} 47. b7 {[%emt 0:02:11]} Rxf2+ {[%emt 0:00:19]} 48. Kg3 {[%emt 0:00:06]} Rg2+ {[%emt 0:00:36]} 49. Kh3 {[%emt 0:00:07]} g4+ {[%emt 0:00:07]} 50. Kh4 {[%emt 0:00:05]} Rb2 {[%emt 0:00:15]} 51. Rg8 {[%emt 0:00:17]} Bxb7 {[%emt 0:00:09]} 52. Bxb7 {[%emt 0:00:06]} Kf6 {[%emt 0:01:46]} 53. Bc6 {[%emt 0:00:24]} Rc2 {[%emt 0:01:01]} 54. Bd7 {[%emt 0:00:26]} Rh2+ {[%emt 0:00:48]} 55. Kg3 {[%emt 0:00:07]} Rh3+ {[%emt 0:00:06]} 56. Kg2 {[%emt 0:00:27]} Rh7 {[%emt 0:00:19]} 57. Bxg4 {[%emt 0:00:18]} Rg7 {[%emt 0:00:46]} 58. Rf8+ {[%emt 0:00:07]} Rf7 {[%emt 0:00:10]} 59. Ra8 {[%emt 0:00:08]} Ke5 {[%emt 0:00:07]} 60. Ra4 {[%emt 0:01:16]} Rf4 {[%emt 0:00:29]} 61. Ra5+ {[%emt 0:00:06]} Kd6 {[%emt 0:01:21]} 62. Bf3 {[%emt 0:00:49]} Rc4 {[%emt 0:00:19]} 63. Kg3 {[%emt 0:01:22]} Rd4 {[%emt 0:00:20]} 64. Kf2 {[%emt 0:00:39]} Rd3 {[%emt 0:00:46]} 65. Be4 {[%emt 0:00:15]} Rc3 {[%emt 0:00:08]} 66. Ke2 {[%emt 0:00:10]} Rb3 {[%emt 0:02:17]} 67. Bd3 {[%emt 0:00:19]} Rc3 {[%emt 0:00:13]} 68. Ke3 {[%emt 0:00:06]} Rc5 {[%emt 0:00:04]} 69. Ra6+ {[%emt 0:00:06]} Ke5 {[%emt 0:00:38]} 70. Ra8 {[%emt 0:00:51]} Rd5 {[%emt 0:03:23]} 71. Be4 {[%emt 0:00:29]} Rb5 {[%emt 0:00:22]} 72. Re8+ {[%emt 0:01:25]} Kd6 {[%emt 0:00:11]} 73. Kd4 {[%emt 0:00:21]} Rb4+ {[%emt 0:00:07]} 74. Kc3 {[%emt 0:00:07]} Ra4 {[%emt 0:00:16]} 75. Bc2 {[%emt 0:00:36]} Ra2 {[%emt 0:01:13]} 76. Bd3 {[%emt 0:00:17]} Ra4 {[%emt 0:01:26]} 77. Bc4 {[%emt 0:00:07]} Ra1 {[%emt 0:00:17]} 78. Kd4 {[%emt 0:00:08]} Rd1+ {[%emt 0:00:06]} 79. Bd3 {[%emt 0:00:05]} Kd7 {[%emt 0:00:49]} 80. Rh8 {[%emt 0:00:58]} Kd6 {[%emt 0:00:07]} 81. Rh6+ {[%emt 0:01:14]} Kd7 {[%emt 0:00:07]} 82. Ke4 {[%emt 0:00:20]} Kc7 {[%emt 0:00:58]} 83. Bc4 {[%emt 0:00:24]} Rd6 {[%emt 0:00:08]} 84. Rh8 {[%emt 0:00:26]} Rg6 {[%emt 0:00:57]} 85. Kd4 {[%emt 0:00:33]} Kd6 {[%emt 0:00:31]} 86. Bd5 {[%emt 0:00:14]} Rf6 {[%emt 0:00:45]} 87. Ra8 {[%emt 0:02:17]} Rf4+ {[%emt 0:00:09]} 88. Be4 {[%emt 0:00:06]} Rf6 {[%emt 0:00:09]} 89. Ra7 {[%emt 0:00:27]} Ke6 {[%emt 0:01:05]} 90. Ra6+ {[%emt 0:02:22]} Ke7 {[%emt 0:00:08]} 91. Ra1 {[%emt 0:00:05]} Kd6 {[%emt 0:00:19]} 92. Rc1 {[%emt 0:00:07]} Ke6 {[%emt 0:01:02]} 93. Bd5+ {[%emt 0:00:10]} Kf5 {[%emt 0:00:58]} 94. Rg1 {[%emt 0:00:08]} Kf4 {[%emt 0:00:24]} 95. Rf1+ {[%emt 0:00:07]} Kg5 {[%emt 0:00:05]} 96. Rxf6 {[%emt 0:00:04]} 1/2-1/2

[Event "VI Sunway Sitges Open 2019"]
[Site "Sitges"]
[Date "2019.12.20"]
[Round "9.9"]
[White "Sindarov, Javokhir"]
[Black "Adly, Ahmed"]
[Result "0-1"]
[WhiteElo "2526"]
[BlackElo "2607"]
[Annotator "TA"]
[PlyCount "106"]
[EventDate "2019.12.13"]
[EventType "swiss"]
[EventCountry "ESP"]
[SourceTitle "playchess.com"]
[Source "ChessBase"]
[SourceQuality "1"]

{[%evp 18,106,38,23,33,25,25,17,10,0,37,29,33,23,30,35,31,24,50,38,31,17,73,72,76,74,72,70,72,79,77,80,79,79,72,79,86,77,75,72,80,79,72,54,58,27,41,4,4,4,4,4,8,4,4,5,12,12,12,12,22,12,23,8,7,8,19,0,0,0,0,0,0,0,0,0,0,-7,-3,-6,0,-99,-99,-638,-593,-29995,-29996,-29996,-803,-29997,-29998]} 1. e4 c6 2. d4 d5 3. Nc3 dxe4 4. Nxe4 Bf5 5. Ng3 Bg6 6. Nf3 Nd7 7. Bd3 Ngf6 8. O-O e6 9. Re1 Be7 10. c4 Qc7 {B18: Classical Caro-Kann: 4...Bf5 sidelines} (10... Bxd3 11. Qxd3 O-O 12. Bf4 Re8 13. Rad1 Nf8 14. Qc2 Ng6 15. Bg5 Qc7 16. h3 Rad8 17. Be3 a6 18. Ne4 Nxe4 19. Qxe4 Qa5 20. Qc2 {½-½ (35) Godena,M (2515)-Fontaine,R (2549) Switzerland 2017}) 11. b3 O-O 12. Bb2 a5 {The position is equal.} 13. Rc1 $146 ({Predecessor:} 13. Bxg6 hxg6 14. Qe2 Bb4 15. Rf1 a4 16. a3 Bd6 17. b4 Ng4 {0-1 (32) Peresznyak,P (1953)-Horvath,I (1992) Hungary 2008}) 13... Qf4 14. Ne2 {[%cal Bg3e2,Be2c3,Bc3b5,Bb5d4,Bd4c6][%mdl 32]} Qb8 15. Bxg6 hxg6 16. Nc3 b5 17. Ne5 Nxe5 18. dxe5 Rd8 19. Qe2 Ne8 (19... b4 $1 $11 20. Na4 (20. exf6 bxc3 21. fxe7 Rd2 $11) 20... Nd7) 20. cxb5 $16 cxb5 21. Nxb5 a4 22. Nd4 {And now Nc6 would win.} Qb7 23. Nc6 Rd5 24. Nxe7+ Qxe7 25. bxa4 Rxa4 26. a3 $1 Qb7 27. Rc2 Nc7 28. Rec1 Rd7 29. h3 Nd5 30. Qf3 Kh7 31. Qg3 Ne7 32. Qc3 Nd5 33. Qc6 Nf4 {Threatens to win with ...Qxc6.} 34. Qxb7 Rxb7 35. Rd1 g5 36. Kh2 Kg6 37. g3 Nd5 38. Rd3 Re4 39. Kg2 Re1 40. Bd4 Rbb1 41. Rcd2 Kf5 42. a4 Rb4 43. a5 {Ra3 is the strong threat.} Ra4 44. Bb6 Kxe5 45. Rb3 f6 46. Rbb2 Rea1 47. Re2+ Kf5 48. Bd8 e5 49. Rb7 (49. Red2 $11 {keeps the balance.} Rd4 50. Ra2) 49... Rd1 $17 {White must now prevent ...Raa1.} 50. Rxg7 $2 {[%mdl 8192] [#]} (50. Rb3 $17) 50... Raa1 $1 $19 {( -> ...Rg1+)} 51. Bc7 Rg1+ 52. Kh2 Rh1+ 53. Kg2 {[#]} Nf4+ $1 {[%mdl 512] Accuracy: White = 54%, Black = 69%.} 0-1

[Event "VI Sunway Sitges Open 2019"]
[Site "Sitges"]
[Date "2019.12.20"]
[Round "9.10"]
[White "Erenberg, Ariel"]
[Black "Gareyev, Timur"]
[Result "0-1"]
[WhiteElo "2479"]
[BlackElo "2598"]
[Annotator "ChessBase"]
[PlyCount "74"]
[EventDate "2019.12.13"]
[EventType "swiss"]
[EventCountry "ESP"]
[SourceTitle "playchess.com"]
[Source "ChessBase"]
[SourceQuality "1"]
[TimeControl "40/5400+30:1800+30"]

1. d4 {[%emt 0:00:00]} Nf6 {[%emt 0:03:24]} 2. c4 {[%emt 0:00:00]} e6 {[%emt 0:00:07]} 3. Nf3 {[%emt 0:00:05]} d5 {[%emt 0:00:48]} 4. Nc3 {[%emt 0:00:26]} c6 {[%emt 0:00:25]} 5. Bg5 {[%emt 0:02:04]} h6 {[%emt 0:00:02]} 6. Bh4 {[%emt 0:02:18]} dxc4 {[%emt 0:00:34]} 7. e4 {[%emt 0:00:13]} b5 {[%emt 0:00:05]} 8. e5 {[%emt 0:00:10]} g5 {[%emt 0:00:03]} 9. Nxg5 {[%emt 0:00:09]} hxg5 {[%emt 0:00:04]} 10. Bxg5 {[%emt 0:00:03]} Nbd7 {[%emt 0:00:20]} 11. exf6 {[%emt 0:00:25]} Bb7 {[%emt 0:00:15]} 12. h4 {[%emt 0:02:05]} Qb6 {[%emt 0:07:24]} 13. Qc2 {[%emt 0:00:18]} Qa5 {[%emt 0:03:22]} 14. Be2 {[%emt 0:17:43]} c5 {[%emt 0:12:36]} 15. d5 {[%emt 0:09:20]} exd5 {[%emt 0:00:02]} 16. Bf3 {[%emt 0:00:57]} O-O-O {[%emt 0:06:19]} 17. O-O {[%emt 0:08:10]} d4 {[%emt 0:04:53]} 18. Bxb7+ {[%emt 0:02:38]} Kxb7 {[%emt 0:00:10]} 19. Qe4+ {[%emt 0:00:06]} Kc8 {[%emt 0:00:04]} 20. Bf4 {[%emt 0:21:00]} Qb6 {[%emt 0:04:14]} 21. Nd5 {[%emt 0:00:48]} Qb7 {[%emt 0:00:33]} 22. Bc7 {[%emt 0:08:16]} Nb6 {[%emt 0:09:56]} 23. Bxd8 {[%emt 0:05:50]} Qxd5 {[%emt 0:01:35]} 24. Qxd5 {[%emt 0:06:14]} Nxd5 {[%emt 0:00:02]} 25. Be7 {[%emt 0:00:55]} Nxe7 {[%emt 0:02:13]} 26. fxe7 {[%emt 0:00:03]} Bxe7 {[%emt 0:00:05]} 27. g3 {[%emt 0:00:15]} Bf6 {[%emt 0:03:06]} 28. Rad1 {[%emt 0:05:48]} Kc7 {[%emt 0:10:37]} 29. Kg2 {[%emt 0:00:31]} Kc6 {[%emt 0:05:31]} 30. Rh1 {[%emt 0:01:42]} b4 {[%emt 0:02:29]} 31. h5 {[%emt 0:01:41]} c3 {[%emt 0:00:29]} 32. b3 {[%emt 0:00:31]} c4 {[%emt 0:00:21]} 33. h6 {[%emt 0:02:09]} c2 {[%emt 0:06:11]} 34. Rc1 {[%emt 0:00:53]} d3 {[%emt 0:00:38]} 35. bxc4 {[%emt 0:01:52]} Bb2 {[%emt 0:00:30]} 36. Kf3 {[%emt 0:01:41]} Bxc1 {[%emt 0:00:05]} 37. Rxc1 {[%emt 0:00:07]} d2 {[%emt 0:00:02]} 0-1

[Event "VI Sunway Sitges Open 2019"]
[Site "Sitges"]
[Date "2019.12.20"]
[Round "9.11"]
[White "Svane, Rasmus"]
[Black "Gukesh D"]
[Result "1-0"]
[WhiteElo "2597"]
[BlackElo "2547"]
[Annotator "TA"]
[PlyCount "57"]
[EventDate "2019.12.13"]
[EventType "swiss"]
[EventCountry "ESP"]
[SourceTitle "playchess.com"]
[Source "ChessBase"]
[SourceQuality "1"]

{[%evp 15,189,16,11,6,24,0,0,0,0,0,0,0,0,0,0,0,0,0,0,0,0,-3,0,-14,-14,-8,12,14,14,11,27,30,396,378,374,366,385,389,233,222,216,229,229,214,185,202,172,152,141,91,121,121,121,121,121,121,121,121,145,142,142,121,121,121,140,121,121,121,121,121,142,142,142,142,142,140,136,140,133,121,121,121,121,121,121,121,121,121,121,121,121,121,122,121,122,122,122,121,121,121,121,121,141,121,121,121,121,121,121,121,129,121,1558,1447,994,802,1478,2561,3358,1971,1738,625,10949,1507,8116,10949,9126,8130,6987,2556,5358,5182,5069,4884,2879,2425,2138,2109,2177,478,2100,2210,1958,8,102,0,1712,1711,1712,1453,1712,209,209,202,29960,29962,29970,29969,29981,29982,29985,29986,29986,29987,29987,29988,29993,29985,29993,0,29993,29994,29995,29996,29997,29998]} 1. e4 c5 2. Nf3 Nc6 3. Bb5 g6 4. O-O Bg7 5. c3 Nf6 6. Re1 O-O 7. d4 d5 8. e5 Ne4 9. Be3 {B31: Sicilian: 2...Nc6 3 Bb5 g6} (9. dxc5 Bg4 10. Bf4 f6 11. e6 Nxc5 12. h3 Bxe6 13. Nd4 Nxd4 14. cxd4 Ne4 15. f3 Nd6 16. Rxe6 Nxb5 {0-1 (41) Svidler,P (2753)-Gelfand,B (2703) Jerusalem 2018}) 9... Qb6 10. Bxc6 bxc6 11. Qc1 {The position is equal.} cxd4 12. cxd4 a5 13. Nc3 Nxc3 14. Qxc3 Bf5 15. h3 Rfb8 16. b3 $146 ({Predecessor:} 16. Re2 Qb5 17. Rd2 Qc4 18. Qxc4 dxc4 {½-½ (37) Schulz,G (2162)-Priepke,W (2228) GER email 2013}) 16... a4 17. g4 Bd7 {[%cal Ra4b3]} 18. Kg2 Qb7 19. Bg5 Bf8 20. Qe3 c5 {[%cal Ra4b3]} 21. Bh6 {Threatens to win with Bxf8.} cxd4 22. Nxd4 Bxh6 23. Qxh6 {aiming for Nf3.} Qb4 $2 {[%mdl 8192]} (23... Qc8 $11) 24. Nf3 $18 {Threatening mate with Ng5.} f6 25. a3 $1 {[%cal Ra3b4]} Qb6 26. exf6 Qxf6 27. Ng5 Re8 28. Qxh7+ Kf8 29. Nf3 {Played: Re1-e5} 1-0